| 000 | 00581nam a22001937a 4500 | ||
|---|---|---|---|
| 003 | OSt | ||
| 005 | 20140310182216.0 | ||
| 008 | 130907t xxu||||| |||| 00| 0 eng d | ||
| 020 | _a0750207914 | ||
| 050 |
_aBL 802 _b.H913 1993 |
||
| 082 |
_aHS 398.20937 _bH86 1993 |
||
| 100 |
_aHull, Robert _917031 |
||
| 245 |
_aRoman stories / _cretold by Robert R. Hull; illustrated by Tony Smith and Claire Robinson. |
||
| 260 |
_aEngland : _bWayland (Publishers) Ltd, _c1993. |
||
| 300 |
_a48 p. ; _bill. some col. ; _c27 p. ; |
||
| 650 |
_aTitle _9403 |
||
| 942 |
_2lcc _cHS |
||
| 999 |
_c10591 _d10591 |
||